| 000 | 00694nam a2200229 a 4500 | ||
|---|---|---|---|
| 005 | 20220519063917.0 | ||
| 008 | 991125s1990 ea 000 0 eng u | ||
| 020 | _a0852295316 | ||
| 035 | _aUPN01000002964 | ||
| 049 | _aCG | ||
| 050 | 4 |
_aAC1 _bG7 1990 v.14 |
|
| 100 | 1 |
_aTácito, Plubio Cornelio, _d55-117 |
|
| 245 | 1 | 4 |
_aThe annals and the histories / _cCornelius Tacitus. |
| 250 | _a2a ed. | ||
| 260 |
_aChicago, E.U.A. : _bEncyclopaedia Britannica, _c1990. |
||
| 300 | _av., 313 p. | ||
| 440 | 0 |
_aGreat books of the western world ; _v14 |
|
| 520 | _aBiografía del autor: p.v | ||
| 650 | 2 |
_aCiencia _vColecciones _99879 |
|
| 651 | 4 |
_aROMA - _xHISTORIA - _yFLAVIOS, 69-96 |
|
| 905 | _aLibro | ||
| 999 |
_c2964 _d2964 |
||